书目信息 |
| 题名: |
《资本论》社会发展辩证法及其中国化
|
|
| 作者: | 刘伟, 著 | |
| 分册: | ||
| 出版信息: | 北京 中国社会科学出版社 2018 |
|
| 页数: | 393页 | |
| 开本: | 24cm | |
| 丛书名: | ||
| 单 册: | ||
| 中图分类: | A811.23 , D61 | |
| 科图分类: | ||
| 主题词: | 马克思主义--ma ke si zhu yi--发展--研究--中国 | |
| 电子资源: | ||
| ISBN: | 978-7-5203-3617-8 | |
| 000 | 01806nam0 2200289 450 | |
| 001 | 012001008107 | |
| 005 | 20130122102849.0 | |
| 010 | @a978-7-5203-3617-8@dCNY108.00 | |
| 099 | @aCAL 012019030509 | |
| 100 | @a20190321d2018 em y0chiy50 ea | |
| 101 | 0 | @achi |
| 102 | @aCN@b110000 | |
| 105 | @ay a 000yy | |
| 106 | @ar | |
| 200 | 1 | @a《资本论》社会发展辩证法及其中国化@A《zi ben lun 》she hui fa zhan bian zheng fa ji qi zhong guo hua@f刘伟著 |
| 210 | @a北京@c中国社会科学出版社@d2018 | |
| 215 | @a393页@d24cm | |
| 306 | @a本书由昆明理工大学马克思主义学院资助出版 本书由昆明理工大学生态文明建设创新团队资助出版 | |
| 320 | @a有书目 (第381-390页) | |
| 330 | @a本书的主题是: 现代社会的科学发展。现代社会表现为资本主义与社会主义两种形态, 现代社会的科学发展其主题是: 社会发展与人自身的发展对立统一。本书梳理并总结《资本论》的科学方法论, 强调《资本论》的辩证法本质上是科学的社会发展辩证法。本书在学界首次提出社会发展辩证法的科学概念, 并上溯到整个哲学史, 叙述社会发展辩证法的理论发展史, 指出科学的社会发展辩证法最终在《资本论》中形成。本书以科学的社会发展辩证法为线索, 重新注解《资本论》, 剖析了资本主义社会发展与人自身发展相异化的根源和脉络, 然后运用科学的社会发展辩证法研究了社会主义社会的科学发展规律, 指出科学发展观和习近平治国理政思想在概念辩证法和实践辩证法两个层次发展了《资本论》社会发展辩证法。最后, 本书研究了社会主义科学发展从观点、理论到实践转变的三大重点问题: 社会主义生产关系与交换关系的关系、人民内部矛盾与社会主义国家治理的关系、文化革命与人的现代化的关系。 | |
| 604 | @1700 1@a马克思@Ama ke si@g(Marx, Karl),@f1818-1883@150010@a资本论@x马克思著作研究 | |
| 606 | 0 | @a马克思主义@Ama ke si zhu yi@x发展@x研究@y中国 |
| 690 | @aA811.23@v4 | |
| 690 | @aD61@v4 | |
| 701 | 0 | @a刘伟,@Aliu wei@f1976-@4著 |
| 801 | 0 | @aCN@b上海新华@c20191020 |
| 905 | @b1134438-40@dA811.23@e349@f3 | |
| 《资本论》社会发展辩证法及其中国化/刘伟著.-北京:中国社会科学出版社,2018 |
| 393页;24cm |
| ISBN 978-7-5203-3617-8:CNY108.00 |
| 本书的主题是: 现代社会的科学发展。现代社会表现为资本主义与社会主义两种形态, 现代社会的科学发展其主题是: 社会发展与人自身的发展对立统一。本书梳理并总结《资本论》的科学方法论, 强调《资本论》的辩证法本质上是科学的社会发展辩证法。本书在学界首次提出社会发展辩证法的科学概念, 并上溯到整个哲学史, 叙述社会发展辩证法的理论发展史, 指出科学的社会发展辩证法最终在《资本论》中形成。本书以科学的社会发展辩证法为线索, 重新注解《资本论》, 剖析了资本主义社会发展与人自身发展相异化的根源和脉络, 然后运用科学的社会发展辩证法研究了社会主义社会的科学发展规律, 指出科学发展观和习近平治国理政思想在概念辩证法和实践辩证法两个层次发展了《资本论》社会发展辩证法。最后, 本书研究了社会主义科学发展从观点、理论到实践转变的三大重点问题: 社会主义生产关系与交换关系的关系、人民内部矛盾与社会主义国家治理的关系、文化革命与人的现代化的关系。 |
| ● |
| 相关链接 |
|
|
|
|
正题名:《资本论》社会发展辩证法及其中国化
索取号:A811.23/349
 
预约/预借
| 序号 | 登录号 | 条形码 | 馆藏地/架位号 | 状态 | 备注 |
| 1 | 1134438 | 211344384 | 第一样本阅览室/ [索取号:A811.23/349] | 在馆 | |
| 2 | 1134439 | 211344393 | 第一借阅区/ [索取号:A811.23/349] | 在馆 | |
| 3 | 1134440 | 211344400 | 第一借阅区/ [索取号:A811.23/349] | 在馆 |